000 00710cam a2200217 a 4500
003 CO-PeBPM
005 20250626092438.0
008 231129e1974||||xx |||||||||||||| ||spa||
040 0 _aCO-PeBPM
_bspa
_cCO-PeBPM
_erda
041 0 _aspa
082 _a301.1553 M828r
100 _aMorales Bení­tez, Otto
_eautor
245 1 0 _aRevolución y caudillos
_c/ Otto Morales Benitez
260 _aVenezuela
_bUniversidad de los Andes/Ediciones del Rectorado
_c1974
300 _a290 Páginas
_c; 18 centímetros
500 _aIncluye Índice
504 _aIncluye Bibliografía
650 _aColombia -- Historia -- Colonia, 1550-1810
_2LEMB
650 _aColombia -- Política y gobierno
_2LEMB
942 _2ddc
_cBK
999 _c24088
_d24088